000 00293nam a22001337a 4500
008 180920b xxu||||| |||| 00| 0 eng d
020 _a9781565271500
041 _aeng
080 _a004
100 _a30
101 _aSHK
245 _aDos With With Windows
_cHarry .L.P
942 _2udc
_cBK
999 _c48121
_d48121